000 00807cab a2200169 4500
001 L130881
008 050912n2005 000 0 eng u
035 _a(Sirsi) u130881
041 0 _aeng
245 0 0 _aDatabank
_bprivate investor
260 _c2005
490 0 _aProperty Week
_v70(35) 2 September 2005, 27(1)
520 _aIPD figures show that equity returns are outstripping all property sectors. All-property returns slowed slightly in August 2005, with the retail market the poorest-performing sector while the office market continues to gain strength. Graphs showing investment market yields, capital growth and rental value growth over the last three months to August .
590 _aIKA130905
690 _aPROPERTY-COMMERCIAL PROPERTY-COMMERCIAL PROPERTY FINANCE AND INVESTMENT
942 _n0
999 _c75863
_d75863